Permata hati Mummy Daddy

Bibliographic Details
Main Author: Siti Sifir
Format: Book
Published: Selangor : Tiga Rose Trading Sdn. Bhd. , 2020
Subjects:

MARC

LEADER 00000cam a2200000 7i4500
001 0000085791
005 20201123.0
008 201104
020 |a 9789670951430 
041 0 |a Malay 
090 0 0 |a 297.577   |b SIT 
100 0 |a Siti Sifir 
245 0 0 |a Permata hati Mummy Daddy   |c Siti Sifir 
260 |a Selangor :   |b Tiga Rose Trading Sdn. Bhd. ,   |c 2020 
300 |a 152 p. :   |b ill. ;   |c 19 cm. 
541 0 0 |c Purchased on 2020   |f 2020/07   |h RM22.90 
650 0 |a Parent and child   |x Religious aspects   |x Islam 
650 0 |a Parenting   |x Religious aspects   |x Islam 
999 |a 0001638067   |b Book   |c Adult Collection   |e Cawangan Muar 
999 |a 0001638068   |b Book   |c Adult Collection   |e Cawangan Batu Pahat 
999 |a 0001638069   |b Book   |c Adult Collection   |e Cawangan Segamat 
999 |a 0001638070   |b Book   |c Adult Collection   |e Cawangan Pontian 
999 |a 0001638071   |b Book   |c Adult Collection   |e Cawangan Tangkak 
999 |a 0001638072   |b Book   |c Adult Collection   |e Cawangan Taman Sri Lambak 
999 |a 0001638073   |b Book   |c Adult Collection   |e Cawangan Mersing 
999 |a 0001638074   |b Book   |c Adult Collection   |e Cawangan Kota Tinggi 
999 |a 0001638075   |b Book   |c Adult Collection   |e Cawangan Tmn. Ungku Tun Aminah 
999 |a 0001638077   |b Book   |c Adult Collection   |e Cawangan Bandar Penawar 
999 |a 0001638078   |b Book   |c Adult Collection   |e Cawangan Bandar Tenggara 
999 |a 0001638079   |b Book   |c Adult Collection   |e Cawangan Bukit Gambir 
999 |a 0001639648   |b Book   |c Adult Collection   |e Perbadanan Perpustakaan Awam Johor 
999 |a 0001639649   |b Book   |c Adult Collection   |e Perbadanan Perpustakaan Awam Johor 
999 |a 0001639650   |b Book   |c Adult Collection   |e Cawangan Urban Transformation Centre 
999 |a 0001639651   |b Book   |c Adult Collection   |e Cawangan AEON Kulaijaya